MARC

LEADER 00000nam1a2200000 4500
001 380484
005 20231101062657.0
011 |a 1999-8554 
035 |a (RuTPU)RU\TPU\prd\1596 
035 |a RU\TPU\prd\833 
090 |a 380484 
100 |a 20020218a19929999k y0rusy50 ca 
101 0 |a rus 
102 |a RU 
200 1 |a Нейрокомпьютеры: разработка, применение  |e научно-технический журнал  |f Издательство "Радиотехника" 
210 |a Москва  |c Радиотехника  |d 2000- 
305 |a Издается с 1998 г. 
326 |a 12 номеров в год 
469 |0 (RuTPU)RU\TPU\subscr\428 
610 1 |a компьютеры 
610 1 |a нейронные сети 
610 1 |a нейрокомпьютеры 
610 1 |a нейроматематика 
610 1 |a интеллектуальные вычисления 
675 |a 681.5  |v 3 
712 0 2 |a Издательство "Радиотехника"  |4 570 
801 0 |a RU  |b 63413507  |c 20011210  |g PSBO 
801 2 |a RU  |b 63413507  |c 20180118  |g PSBO 
856 4 |u http://elibrary.ru/title_about.asp?id=7915 
856 4 |u http://www.radiotec.ru/journal_section/7 
942 |c CR 
969 |0 001RU\TPU\subscr\428